Costing (Record no. 3410)

MARC details
000 -LEADER
fixed length control field 00806 a2200217 4500
010 ## - LIBRARY OF CONGRESS CONTROL NUMBER
LC control number ENG-85769
020 ## - INTERNATIONAL STANDARD BOOK NUMBER
International Standard Book Number 8125919821
Terms of availability 195.00
035 ## - SYSTEM CONTROL NUMBER
System control number EN-69302
037 ## - SOURCE OF ACQUISITION
Source of stock number/acquisition D.B.Act / VEN
082 14 - DEWEY DECIMAL CLASSIFICATION NUMBER
Classification number 657.42
090 ## - LOCALLY ASSIGNED LC-TYPE CALL NUMBER (OCLC); LOCAL CALL NUMBER (OCLC)
-- 3477
-- 3477
100 1# - MAIN ENTRY--PERSONAL NAME
Personal name Tulsian, P.C.
245 2# - TITLE STATEMENT
Title Costing
Remainder of title a self-study textbook
Statement of responsibility, etc P C Tulsian
260 ## - PUBLICATION, DISTRIBUTION, ETC. (IMPRINT)
Place of publication, distribution, etc New Delhi
Name of publisher, distributor, etc Vikas Publishing House
Date of publication, distribution, etc 2006
260 ## - PUBLICATION, DISTRIBUTION, ETC. (IMPRINT)
Place of publication, distribution, etc New Delhi
Name of publisher, distributor, etc UBS Publishers' Distributors
Date of publication, distribution, etc 2006
270 ## - ADDRESS
Address 576, Masjid Road, Jangpura
City New Delhi
State or province Delhi
Postal code 110 014
Telephone number 24376605, 24375313
Fax number 24370879
Electronic mail address vikaspublishing.com
270 ## - ADDRESS
Address 5, Ansari Road
City New Delhi
State or province Delhi
Postal code 110 002
Telephone number 23273601
300 ## - PHYSICAL DESCRIPTION
Extent viii, various pagings
Dimensions 24cm. (pbk)
942 ## - ADDED ENTRY ELEMENTS (KOHA)
Institution code [OBSOLETE] dpl
Koha item type English Books
Call number prefix 657.42 / TUL
Holdings
Withdrawn status Lost status Source of classification or shelving scheme Damaged status Not for loan Collection code Home library Current library Source of acquisition Cost, normal purchase price Total Checkouts Full call number Barcode Date last seen Copy number Uniform Resource Identifier Cost, replacement price Price effective from Koha item type
    Dewey Decimal Classification   Not For Loan Non-fiction D.B.Act.Division D.B.Act.Division DBAD/PUB 195.00   657.42 TUL EN-69302 15/09/2008 1 3632 195.00 15/09/2008 English Books

© Delhi Public Library
Hit Counter
free hit counter